Tallest Buildings in The USA - Statistics

General Stats
  • This quiz has been taken 58 times
  • The average score is 7 of 50
Answer Stats
City Building % Correct
New York City One World Trade Center
96%
New York City Empire State Building
87%
Chicago Willis Tower
85%
New York City Chrysler Building
52%
New York City Central Park Tower
35%
San Francisco Salesforce Tower
24%
New York City Bank of America Tower
22%
New York City 432 Park Avenue
17%
Chicago Aon Center
17%
Atlanta Bank Of America Plaza
15%
Dallas Bank Of America Plaza
15%
Philadelphia Comcast Center
15%
Chicago John Hanckock Center
15%
New York City One Vanderbilt
15%
Los Angeles US Bank Tower
15%
Seattle Columbia Center
13%
Philadelphia Comcast Technology Center
13%
Cleveland Key Tower
13%
New York City 30 Hudson Yards
11%
New York City 111 West 57th Street
9%
New York City 3 World Trade Center
9%
Philadelphia One Liberty Place
9%
Chicago Trump InternationalHotel and Tower
9%
Los Angeles Wilshire Grand Center
9%
New York City 40 Wall Street
7%
New York City 4 World Trade Center
7%
Chicago St. Regis Chicago
7%
New York City The Brooklyn Tower
7%
New York City 220 Central Park South
4%
Jersey City 99 Hudson Street
4%
Houston JPMorgan Chase Tower
4%
New York City One 57
4%
Houston Wells Fargo Plaza
4%
New York City 125 Greenwich
2%
New York City 15 Hudson Yards
2%
New York City 1 Manhattan West
2%
New York City 2 Manhattan West
2%
Chicago 311 South Wacker Drive
2%
New York City 35 Hudson Yards
2%
New York City 50 Hudson Yards
2%
New York City 53W53
2%
New York City 601 Lexington Avenue
2%
New York City 70 Pine Street
2%
New York City Four Seasons HotelNew York Downtown
2%
Chicago Franklin Center
2%
Chicago One Chicago East Tower
2%
New York City The New York TimesBuilding
2%
New York City The Spiral
2%
Chicago Two Prudential Plaza
2%
Houston Williams Tower
2%
No matching quizzes found
Score Distribution
Percent of People with Each Score
Percentile by Number Answered
Your Score History
You have not taken this quiz